000 00275nam a22001217a 4500
008 171101b xxu||||| |||| 00| 0 eng d
041 _aeng
080 _23RD
_a339
100 _a59
101 _aTRE
245 _aINTERNATIONAL TRADE & INVESTMENT
_cROOT,F.R
942 _2udc
_cBK
999 _c37054
_d37054